=LDR 00000nam 2200000 4500 =001 INLIS000000000014691 =005 20130612105954 =008 ***********************************Ind** =035 ##$$a0010-061300000014691 =041 ##$$a Ind =082 ##$$a 639.2 =090 ##$$a 639.2, Kus o =100 ##$$a Kusumastanto,Trodoyo =245 ##$$a Ocean polcy dalam membangun negeri bahari di era otonomi daerah, Tridoyo Kusumastanto =260 ##$$a 2003 $b Jakarta =300 ##$$a xvii, 160 hlm, Ilus, 23 cm =650 ##$$a Perikanan =850 ##$$a NBPNMAT =990 ##$$a 0001/BPAP-NTB/20142014